Google Most Asked #3 - Statistics

General Stats
  • This quiz has been taken 25 times
  • The average score is 3 of 10
Answer Stats
How to tie a ______ Most Asked % Correct
8. Knot
96%
1. Tie
87%
2. Bow Tie
43%
3. Scarf
22%
5. Bandana
13%
6. Windsor
9%
4. Slip Knot
4%
10. Square Knot
4%
9. Bowline
0%
7. Toga
0%
No matching quizzes found
Score Distribution
Percent of People with Each Score
Percentile by Number Answered
Your Score History
You have not taken this quiz